000 00427nam a2200169Ia 4500
008 180424s9999 xx 000 0 und d
084 _a822.3D F1
100 _a"Farnham, Willar D"
245 0 _aDoctor Faustus collection of Critical Essays
250 _a\\196900ENGGPSX
260 _aPrentice Hall
260 _b1969
260 _cLondon
300 _avi+120p
500 _aincludes index and biblioraphy
942 _cBK
999 _c24549
_d24549